El personalismo

Na minha lista:
Detalhes bibliográficos
Autor principal: Mounier, Emmanuel
Formato: Livro
Idioma:Undetermined
Publicado em: Buenos Aires, Argentina Universitaria 1965
Assuntos:
Tags: Adicionar Tag
Sem tags, seja o primeiro a adicionar uma tag!

MARC

LEADER 00000nam a2200000Ia 4500
008 170316s9999 xx 000 0 und d
090 |a 100 M-63p 
100 |a Mounier, Emmanuel 
245 |a El personalismo 
260 |a Buenos Aires, Argentina 
260 |b Universitaria 
260 |c 1965 
300 |a 68 páginas 
650 |a FILOSOFÍA 
650 |a MOUNIER 
650 |a PERSONALISMO 
999 |c 17080  |d 17080 
040 |a cru BVZT 
942 |c 15 D  |h 100 M-63p  |2 z